K teoretickým východiskům regionální hospodářské politiky

Dva základné typy regionálnej hospodárskej politiky. 1. typ založený na štátnom intervencionizme a koordinácii vzťahov medzi štátom a regiónmi. 2. typ založený na presadzovaní liberalizmu v politike vlády. Pôsobenie trhových síl na regionálny rozvoj. Aktivita štátu. Sociálne a politické motívy regio...

Descrizione completa

Salvato in:
Dettagli Bibliografici
Autore principale: Adamčík, S.
Natura: Capitolo di libro
Lingua:ceco
Soggetti:
Tags: Aggiungi Tag
Nessun Tag, puoi essere il primo ad aggiungerne!!

MARC

LEADER 00000naa a2200000 4500
001 r016170
005 20221205090726.2
041 0 |a cze 
044 |a CZ 
245 1 0 |a K teoretickým východiskům regionální hospodářské politiky  |c S. Adamčík 
520 |a Dva základné typy regionálnej hospodárskej politiky. 1. typ založený na štátnom intervencionizme a koordinácii vzťahov medzi štátom a regiónmi. 2. typ založený na presadzovaní liberalizmu v politike vlády. Pôsobenie trhových síl na regionálny rozvoj. Aktivita štátu. Sociálne a politické motívy regionálnej politiky. Podpora infraštruktúry a regionálnej inovačnej politiky - priestor pre dlhodobú (rozvojovú) regionálnu politiku štátu. Regionálna politika a regionálny rozvoj v období transformácie českej ekonomiky. 
610 2 0 |a politika hospodárska 
610 2 0 |a regióny 
610 2 0 |a Česko 
610 2 0 |a regionalizácia 
610 2 0 |a reformy hospodárske 
610 2 0 |a obdobie prechodné 
610 2 0 |a transformácia 
610 2 0 |a rozvoj regionálny 
610 2 0 |a hospodárstvo trhové 
100 1 |a Adamčík, S.